Dynamics of Actual Productivity Growth and R&D Intensity in the European Union
Analýza inovačného potenciálu Európskej únie skúmaním dynamiky aktuálneho rastu produktivity a intenzity výskumu a vývoja.
Guardado en:
| Autor principal: | |
|---|---|
| Formato: | Capítulo de libro |
| Lenguaje: | inglés |
| Materias: | |
| Etiquetas: |
Sin Etiquetas, Sea el primero en etiquetar este registro!
|
MARC
| LEADER | 00000naa$a2200000$$$4500 | ||
|---|---|---|---|
| 001 | 0249661 | ||
| 005 | 20240502074008.3 | ||
| 041 | 0 | |a eng | |
| 044 | |a SK | ||
| 245 | 1 | 0 | |a Dynamics of Actual Productivity Growth and R&D Intensity in the European Union |c Martin Hudec |
| 520 | |a Analýza inovačného potenciálu Európskej únie skúmaním dynamiky aktuálneho rastu produktivity a intenzity výskumu a vývoja. | ||
| 610 | 2 | 0 | |a produktivita |
| 610 | 2 | 0 | |a inovácie technologické |
| 610 | 2 | 0 | |a inovácia |
| 610 | 2 | 0 | |a Európska únia |
| 610 | 2 | 0 | |a výskum aplikovaný |
| 100 | 1 | |a Hudec, Martin | |